La jerarquía de la Iglesia en Indias (Record no. 11419)

MARC details
000 -LEADER
campo de control de longitud fija 00947nam a2200265 i 4500
001 - NÚMERO DE CONTROL
campo de control 11419
003 - IDENTIFICADOR DE NÚMERO DE CONTROL
campo de control ES-MaACL
005 - FECHA Y HORA DE LA ÚLTIMA TRANSACCIÓN
campo de control 20250831061859.0
007 - CAMPO FIJO DE DESCRIPCIÓN FÍSICA--INFORMACIÓN GENERAL
campo de control de longitud fija t|
008 - DATOS DE LONGITUD FIJA--INFORMACIÓN GENERAL
campo de control de longitud fija 921118s1992 sp |||| | spa j
020 ## - NÚMERO INTERNACIONAL ESTÁNDAR DEL LIBRO
Número Internacional Estándar del Libro 84-7100-482-8
080 ## - NÚMERO DE LA CLASIFICACIÓN DECIMAL UNIVERSAL
Número de la Clasificación Decimal Universal 262.122(8=60)"15/18"
100 1# - ENTRADA PRINCIPAL--NOMBRE DE PERSONA
Nombre de persona Castañeda Delgado, Paulino.
9 (RLIN) 36411
245 13 - MENCIÓN DEL TÍTULO
Título La jerarquía de la Iglesia en Indias
Resto del título : el episcopado americano, 1500-1850 /
Mención de responsabilidad, etc. Paulino Castañeda Delgado, Juan Marchena Fernández.
260 ## - PUBLICACIÓN, DISTRIBUCIÓN, ETC.
Lugar de publicación, distribución, etc. Madrid :
Nombre del editor, distribuidor, etc. MAPFRE,
Fecha de publicación, distribución, etc. [1992]
300 ## - DESCRIPCIÓN FÍSICA
Extensión 286 p. :
Otras características físicas gráf., map. ;
Dimensiones 23 cm.
490 1# - MENCIÓN DE SERIE
Mención de serie Iglesia Católica en el Nuevo Mundo ;
Designación de volumen o secuencia 9
500 ## - NOTA GENERAL
Nota general Índice.
504 ## - NOTA DE BIBLIOGRAFÍA, ETC.
Nota de bibliografía, etc. Bibliografía: p. [273]-277.
650 17 - PUNTO DE ACCESO ADICIONAL DE MATERIA--TÉRMINO DE MATERIA
Término de materia o nombre geográfico como elemento de entrada Obispos-
Subdivisión geográfica América española
Fuente del encabezamiento o término
9 (RLIN) 156824
700 1# - ENTRADA AGREGADA--NOMBRE PERSONAL
Nombre de persona Marchena Fernández, Juan.
9 (RLIN) 76421
830 00 - PUNTO DE ACCESO ADICIONAL DE SERIE-TÍTULO UNIFORME
Título uniforme Colección Iglesia Católica en el Nuevo Mundo (Mapfre)
Designación de volumen o secuencia 9
9 (RLIN) 179065
852 ## - LOCALIZACIÓN
Ubicación ES-MaACL
Número de control de estantería L-18744
Holdings
Estatus retirado Estado de pérdida Estado de daño No para préstamo Biblioteca de origen Biblioteca actual Ubicación en estantería Fecha de adquisición Fuente de adquisición Total de préstamos Signatura topográfica completa Código de barras Visto por última vez Precio de reemplazo Tipo de ítem Koha
        Biblioteca del Ateneo de Madrid Biblioteca del Ateneo de Madrid Depósito 2 17/01/2008     L-18744 1011642 23/02/2023 23/02/2023 Libro impreso